[Event "IECC O email"]
[Site "IECC email"]
[Date "2001.03.26"]
[Round "?"]
[White "Goodwin, Dave"]
[Black "Parkes, Richard"]
[Result "1-0"]
[WhiteElo "1031"]
[BlackElo "970"]
[PlyCount "55"]
[EventDate "2001.??.??"]
[EventType "tourn (corr)"]
[EventRounds "6"]
[SourceTitle "Corr 2008"]
[Source "ChessBase"]
[SourceDate "2008.06.24"]
[SourceVersion "1"]
[SourceVersionDate "2008.06.24"]
[SourceQuality "1"]

1. d4 e6 2. e4 Nf6 3. Nc3 b6 4. Bc4 h5 5. Bg5 Qe7 6. a3 Qd6 7. e5 Qc6 8. Nf3 Qxc4 9. exf6 gxf6 10. Bxf6 Rh6 11. Ne5 Qa6 12. Qf3 Nc6 13. Rd1 Bb7 14. Qf4 Rxf6 15. Qxf6 Nxe5 16. Qxe5 Bxg2 17. Rg1 Bf3 18. Rd3 d6 19. Qe3 Bg4 20. Qe4 d5 21. Nxd5 Kd8 22. Nf6 Qc4 23. Rc3 Qa2 24. Qxa8+ Ke7 25. Ng8+ Kd7 26. Qc6+ Kd8 27. Qxc7+ Ke8 28. Qc8# 1-0

[Event "IECC O email"]
[Site "IECC email"]
[Date "2000.09.11"]
[Round "?"]
[White "Goodwin, Dave"]
[Black "Rainey, Terry"]
[Result "1-0"]
[WhiteElo "1018"]
[BlackElo "1000"]
[PlyCount "37"]
[EventDate "2000.??.??"]
[EventType "tourn (corr)"]
[EventRounds "6"]
[SourceTitle "Corr 2008"]
[Source "ChessBase"]
[SourceDate "2008.06.24"]
[SourceVersion "1"]
[SourceVersionDate "2008.06.24"]
[SourceQuality "1"]

1. d4 d5 2. Nc3 e5 3. dxe5 Be6 4. Nf3 Nc6 5. e3 Qd7 6. Bb5 Bg4 7. h3 Bf5 8. g4 a6 9. Bxc6 bxc6 10. gxf5 Qxf5 11. e4 dxe4 12. Nd2 Bc5 13. Ndxe4 Ne7 14. Nxc5 0-0 15. N3e4 Qxe4+ 16. Nxe4 c5 17. Bh6 gxh6 18. Nf6+ Kh8 19. Qd7 1-0